|
|
|
|
| LEADER |
00000nam0a2200000 4500 |
| 001 |
217924 |
| 005 |
20231101230147.0 |
| 010 |
|
|
|a 9785020377073
|
| 010 |
|
|
|a 978-5-9765-1233-7
|
| 035 |
|
|
|a (RuTPU)RU\TPU\book\237928
|
| 090 |
|
|
|a 217924
|
| 100 |
|
|
|a 20120609d2012 m y0rusy50 ca
|
| 101 |
0 |
|
|a rus
|
| 102 |
|
|
|a RU
|
| 105 |
|
|
|a y j 001zy
|
| 200 |
1 |
|
|a Основы философии
|e учебник
|f В. Ш. Сабиров, О. С. Соина
|
| 210 |
|
|
|a Москва
|c Флинта
|c Наука
|d 2012
|
| 215 |
|
|
|a 336 с.
|
| 320 |
|
|
|a Словарь терминов: с. 303-329.
|
| 330 |
|
|
|a Книга представляет собой сжатое, но информативно емкое изложение основных проблем философской теории. Написанная в живой форме, она отвечает на многие вопросы мировоззренческого и духовного порядка, волнующие современного молодого человека, способствует расширению гуманитарной эрудиции, развивает культуру мышления.Для студентов вузов и колледжей.
|
| 606 |
1 |
|
|a Философия
|2 stltpush
|3 (RuTPU)RU\TPU\subj\63880
|9 80812
|
| 610 |
1 |
|
|a античная философия
|
| 610 |
1 |
|
|a средневековая философия
|
| 610 |
1 |
|
|a Возрождение
|
| 610 |
1 |
|
|a Новое время
|
| 610 |
1 |
|
|a немецкая классическая философия
|
| 610 |
1 |
|
|a русская философия
|
| 610 |
1 |
|
|a 19 век
|
| 610 |
1 |
|
|a 20 век
|
| 610 |
1 |
|
|a западная философия
|
| 610 |
1 |
|
|a гносеология
|
| 610 |
1 |
|
|a онтология
|
| 610 |
1 |
|
|a философская антропология
|
| 610 |
1 |
|
|a этика
|
| 610 |
1 |
|
|a эстетика
|
| 610 |
1 |
|
|a культура
|
| 610 |
1 |
|
|a социальная философия
|
| 610 |
1 |
|
|a история
|
| 610 |
1 |
|
|a глобалистика
|
| 610 |
1 |
|
|a термины
|
| 610 |
1 |
|
|a глобалистика
|
| 610 |
1 |
|
|a учебники
|
| 686 |
|
|
|a Ю0/3я73
|v LBC/SL-A
|2 rubbk
|
| 700 |
|
1 |
|a Сабиров
|b В. Ш.
|g Владимир Шакирович
|
| 701 |
|
1 |
|a Соина
|b О. С.
|g Ольга Сергеевна
|
| 801 |
|
1 |
|a RU
|b 63413507
|c 20120609
|
| 801 |
|
2 |
|a RU
|b 63413507
|c 20150611
|g RCR
|
| 900 |
|
|
|a Философия
|
| 942 |
|
|
|c BK
|
| 959 |
|
|
|a 91/20120609
|d 2
|e 220,00
|f ЧЗГЛ:1
|f АНЛ:1
|